The Business Of The Metaverse: How To Maintain The Human Element Within This New Business Reality (Record no. 43599)

MARC details
000 -LEADER
fixed length control field 01381cam a2200397 i 4500
001 - CONTROL NUMBER
control field 23666351
005 - DATE AND TIME OF LATEST TRANSACTION
control field 20250407115502.0
008 - FIXED-LENGTH DATA ELEMENTS--GENERAL INFORMATION
fixed length control field 240429s2024 nyua b 001 0 eng d
010 ## - LIBRARY OF CONGRESS CONTROL NUMBER
LC control number 2024937510
016 7# - NATIONAL BIBLIOGRAPHIC AGENCY CONTROL NUMBER
Record control number 021223480
Source Uk
020 ## - INTERNATIONAL STANDARD BOOK NUMBER
International Standard Book Number 9781032594798
020 ## - INTERNATIONAL STANDARD BOOK NUMBER
International Standard Book Number 9781032594781
020 ## - INTERNATIONAL STANDARD BOOK NUMBER
Canceled/invalid ISBN 9781003454878
035 ## - SYSTEM CONTROL NUMBER
System control number (OCoLC)on1400787065
041 ## - LANGUAGE CODE
Language code of text/sound track or separate title eng
042 ## - AUTHENTICATION CODE
Authentication code lccopycat
082 ## - DEWEY DECIMAL CLASSIFICATION NUMBER
Classification number 658.4063 HEM
100 ## - MAIN ENTRY--PERSONAL NAME
Author K, Hemachandran
245 04 - TITLE STATEMENT
Title The Business Of The Metaverse: How To Maintain The Human Element Within This New Business Reality
260 ## - PUBLICATION, DISTRIBUTION, ETC.
Place New York
Publisher Routledge, Taylor & Francis Group
Publication Year 2024;. pages: 24 cm
300 ## - PHYSICAL DESCRIPTION
Extent 334 pages :
Other physical details illustrations ;
Dimensions 27 cm
500 ## - GENERAL NOTE
Keywords "A Productivity Press book" -- Front cover.
504 ## - BIBLIOGRAPHY, ETC. NOTE
Bibliography, etc. note Includes bibliographical references and index.
650 #0 - SUBJECT ADDED ENTRY--TOPICAL TERM
Subject Business; Organizational change; Metaverse; Affaires
650 #6 - SUBJECT ADDED ENTRY--TOPICAL TERM
Subject
650 #7 - SUBJECT ADDED ENTRY--TOPICAL TERM
Subject
700 1# - ADDED ENTRY--PERSONAL NAME
Co-Author Rodriguez, Raul Villamarin
942 ## - ADDED ENTRY ELEMENTS (KOHA)
Koha item type Books
264 #1 - PRODUCTION, PUBLICATION, DISTRIBUTION, MANUFACTURE, AND COPYRIGHT NOTICE
Place of production, publication, distribution, manufacture New York, NY :
Name of producer, publisher, distributor, manufacturer Routledge, Taylor & Francis Group,
Date of production, publication, distribution, manufacture, or copyright notice 2024.
336 ## - CONTENT TYPE
Content type term text
Content type code txt
Source rdacontent
337 ## - MEDIA TYPE
Media type term unmediated
Media type code n
Source rdamedia
338 ## - CARRIER TYPE
Carrier type term volume
Carrier type code nc
Source rdacarrier
906 ## - LOCAL DATA ELEMENT F, LDF (RLIN)
a 7
b cbc
c copycat
d 2
e ncip
f 20
g y-gencatlg
Holdings
Withdrawn status Lost status Source of classification or shelving scheme Damaged status Not for loan Home library Current library Shelving location Accession Date Vendor Price Bill number Total Checkouts Full call number Barcode No Date last seen Discount Bill Date Koha item type Suggested By
    Dewey Decimal Classification     IMTN IMTN Rack 31-B 03/27/2025 Raghav Books Private Limited 5341.29 2374   658.4063 HEM 33850 04/07/2025 33 02/14/2025 Books Dr. Mantha Raghu (Head Librarian)
Designed & Maintained by: LRC IMT Nagpur Contact: lrc@imtnag.ac.in© 2024. All Rights Reserved.